Tecnología y censos agropecuarios en la década de 1980 /

Đã lưu trong:
Chi tiết về thư mục
Tác giả chính: Barboza V, Carlos
Tác giả khác: León S, Carlos
Định dạng: Texto
Được phát hành: San José: ADEC
Các nhãn: Thêm thẻ
Không có thẻ, Là người đầu tiên thẻ bản ghi này!

MARC

LEADER 00000 a a2200000 04500
001 15129
003
040 |a CRAI/IIS  |c CRAI/IIS 
090 |a 022600  
100 |a Barboza V, Carlos  
245 |a Tecnología y censos agropecuarios en la década de 1980 /  |c Carlos Barboza V. 
260 |a San José:   |b ADEC  
300 |a 10 p.  
700 |a León S, Carlos  
999 |c 6407  |d 6407